Correspondecia de José Antonio Jiménez de las Cuevas, catedrático de Teología, al Obispo de Puebla sobre la súplica de aprobación para mandar hacer a un solo artífice, el escudo de armas que los seminaristas llevarán en la beca

Detalles Bibliográficos
Otros Autores: José Antonio Jiménez de las Cuevas
Formato: Libro
Publicado: Puebla de los Ángeles, 1822
Materias:
Colección:Banco de datos
Acervo:Biblioteca Palafoxiana. Colección de Manuscritos
Descripción Física:2 f. ; 15 x 22 cm.
Tema general:Eclesiástica
LEADER 00611nam a22001450004500
035 |a 4903 
245 1 0 |a Correspondecia de José Antonio Jiménez de las Cuevas, catedrático de Teología, al Obispo de Puebla sobre la súplica de aprobación para mandar hacer a un solo artífice, el escudo de armas que los seminaristas llevarán en la beca 
260 |a Puebla de los Ángeles, 1822 
300 |a 2 f. ; 15 x 22 cm. 
650 1 0 |a Eclesiástica 
700 1 |a José Antonio Jiménez de las Cuevas 
949 |a R522/055 
942 |c PALAMANU 
943 |g Biblioteca Palafoxiana. Colección de Manuscritos 
999 |c 1072848  |d 1072848